000
00304nam a2200121Ia 4500
008
190216s9999||||xx |||||||||||||| ||und||
100
_a
Shahane V A & Manuel M
245
0
_a
Modern One Act Plays
260
_b
Mac Millian And Com. Ltd
_c
1965
300
_a
151
650
_a
English Drama
942
_c
BK
999
_c
11697
_d
11697